| 000 | 01143nam a22003617a 4500 | ||
|---|---|---|---|
| 001 | 000541 | ||
| 003 | DO-SdBNP | ||
| 005 | 20171110091408.0 | ||
| 007 | 000541 | ||
| 008 | 161011b 2012 sp a ||||| |||| 00| 0 spa d | ||
| 020 | _a9788487736636 | ||
| 040 |
_aBPMSU _bspa _cBPMSU |
||
| 082 | 4 |
_a639.9 _bM294a |
|
| 240 |
_aManual of exotic pets. _lEspañol. |
||
| 245 | 0 | 0 |
_aManual de animales exóticos / _cAnna Meredith, Sharon Redrobe (eds.) ; traducción Jorge Ramón López Olvera ... [et al.] |
| 246 | _aManual of exotic pets. | ||
| 250 | _a4ª ed | ||
| 260 |
_aBarcelona : _bEdiciones S, _bLexus, _c2012. |
||
| 300 |
_axi, 434 p. : _bil. ; _c29 cm. |
||
| 490 | 1 | _a BSAVA | |
| 500 | _aIncluye índice | ||
| 504 | _aBibliografía: p. 418| | ||
| 650 | 4 | _aENFERMEDADES DE LA FAUNA SILVESTRE | |
| 650 | 4 | _aMASCOTAS | |
| 650 | 4 | _aANIMALES SALVAJES CAUTIVOS | |
| 700 | 1 | 2 |
_aMeredith, Anna _eed. |
| 700 | 1 | 2 |
_aRedrobe, Sharon _eed. |
| 700 | 1 | 2 |
_aLópez Olivera, Jorge Ramón _etrad. |
| 830 | 0 | _a BSAVA. | |
| 942 |
_2ddc _cBK |
||
| 945 | _aInvetariado extranjero / 2017 VM | ||
| 956 |
_2LOPEREZ _310 _620161011 _8BPMSU _a00041 |
||
| 999 |
_c11518 _d11518 |
||